000 00452nam a22001577a 4500
005 20251108164113.0
008 250721s1994 xx 000 0 ara d
082 1 4 _a210/علي
100 1 _aبيجوفتش، علي عزت
245 1 0 _aالإسلام بين الشرق و الغرب /
264 1 _aالكويت :
_bمجلة النور الكويتية،
_c1994.
300 _a415 ص
650 1 7 _aالإسلام
942 _2ddc
_cBK
999 _c3689
_d3689